welsh cities by welsh name - Statistics

General Stats
  • This quiz has been taken 9 times
  • The average score is 5 of 16
Answer Stats
Hint Answer % Correct
Cardiff Caerdydd
100%
Swansea Abertawe
83%
Wrexham Wrecsam
83%
Newport Casnewydd
50%
Barry Y Barri
33%
Cowbridge Bont Faen
17%
Neath Castell Nedd
17%
Merthyr Tydfil Merthyr Tudfil
17%
Bridgend Pen y Bont ar Ogwr
17%
Monmouth Trefynwy
17%
St Davids and the cathedral close Tyddewi
17%
Pyle Y Pîl
17%
Chepstow Cas Gwent
0%
Blackwood Coed Duon
0%
St Asaph Llanelwy
0%
St Athen Sain Tathan
0%
No matching quizzes found
Score Distribution
Percent of People with Each Score
Percentile by Number Answered
Your Score History
You have not taken this quiz